[Event "2020 Norman Friedman CLASSIC"]
[Site "Chess.com"]
[Date "2020.10.10"]
[Round "1"]
[White "Jeffrey944"]
[Black "chesspilot01"]
[Result "0-1"]
[WhiteElo "1452"]
[BlackElo "2290"]

1. d4 } 1... d5 } 2. c4 } 2... e6 } 3. Nc3 } 3... c6 } 4. e3 } 4... Bd6 } 5.
Nf3 } 5... Nf6 } 6. Be2 } 6... O-O } 7. O-O } 7... Nbd7 } 8. Bd2 } 8... Ne4 }
9. Rc1 } 9... Ndf6 } 10. Ne5 } 10... Nxd2 } 11. Qxd2 } 11... Ne4 } 12. Qc2 }
12... f6 } 13. Nf3 } 13... f5 } 14. g3 } 14... Qf6 } 15. Ne1 } 15... Qh6 } 16.
Ng2 } 16... g5 } 17. Nxe4 } 17... fxe4 } 18. f4 } 18... gxf4 } 19. exf4 }
19... Qg7 } 20. Qc3 } 20... c5 } 21. dxc5 } 21... Bxc5+ } 22. Kh1 } 22... d4 }
23. Qe1 } 23... e5 } 24. b4 } 24... Be7 } 25. fxe5 } 25... Qxe5 } 26. Rxf8+ }
26... Bxf8 } 27. Nf4 } 27... Bf5 } 28. a3 } 28... e3 } 29. Bf3 } 29... d3 }
30. Rd1 } 30... e2 } 31. Rxd3 } 31... Bxd3 } 32. Nxd3 } 32... Qe3 } 33. Bd5+ }
33... Kh8 } 34. Nf4 } 34... Re8 } 35. Bxb7 } 35... Bg7 } 36. Bc6 } 36... Bc3 }
37. Qxc3+ } 37... Qxc3 } 38. Nxe2 } 38... Rxe2 } {#R} 0-1

[Event "2020 Norman Friedman CLASSIC"]
[Site "Chess.com"]
[Date "2020.10.10"]
[Round "2"]
[White "bigdonkeyhead"]
[Black "caracleliem"]
[Result "0-1"]
[WhiteElo "1432"]
[BlackElo "1274"]

1. e4 } 1... c5 } 2. Nf3 } 2... Nc6 } 3. d4 } 3... cxd4 } 4. Bc4 } 4... Nf6 }
5. e5 } 5... Ng4 } 6. Ng5 } 6... Ngxe5 } 7. Bb3 } 7... e6 } 8. O-O } 8... Be7
} 9. Nf3 } 9... Nxf3+ } 10. Qxf3 } 10... O-O } 11. c3 } 11... dxc3 } 12. Nxc3
} 12... d5 } 13. Bc2 } 13... Ne5 } 14. Qh3 } 14... Ng6 } 15. Bf4 } 15... e5 }
16. Bxe5 } 16... Bxh3 } {#R} 0-1

[Event "2020 Norman Friedman CLASSIC"]
[Site "Chess.com"]
[Date "2020.10.10"]
[Round "2"]
[White "iwillbeatyou2day"]
[Black "B1ad3z"]
[Result "0-1"]
[WhiteElo "1064"]
[BlackElo "1431"]

1. e4 } 1... e5 } 2. Bc4 } 2... Nf6 } 3. Nf3 } 3... Nxe4 } 4. Nxe5 } 4... Qe7
} 5. Bxf7+ } 5... Kd8 } 6. d4 } 6... d6 } 7. Bd5 } 7... dxe5 } 8. Bxe4 } 8...
exd4 } 9. Qxd4+ } 9... Nd7 } 10. Nc3 } 10... Qf6 } 11. Qd3 } 11... Bb4 } 12.
Bd2 } 12... Re8 } 13. O-O } 13... Qd6 } 14. Bg5+ } 14... Nf6 } 15. Bxf6+ }
15... gxf6 } 16. Bxh7 } 16... Qxd3 } 17. Rfd1 } 17... Qxd1+ } 18. Rxd1+ }
18... Bd7 } 19. Bf5 } 19... Re7 } 20. Na4 } 20... Ke8 } 21. Bxd7+ } 21... Rxd7
} 22. Rxd7 } 22... Kxd7 } 23. c3 } 23... Re8 } 24. h3 } 24... Bd6 } 25. g3 }
25... Re2 } 26. a3 } 26... b5 } 27. Kf1 } 27... Re5 } 28. h4 } 28... bxa4 }
29. g4 } 29... Re4 } 30. f3 } 30... Rf4 } 31. Kf2 } 31... Bc5+ } 32. Kg3 }
32... Bd6 } 33. g5 } 33... fxg5 } 34. hxg5 } 34... Ke6 } 35. b4 } 35... axb3 }
36. Kf2 } 36... b2 } 37. Ke3 } 37... b1=Q } 38. Kf2 } 38... Qc2+ } 39. Ke3 }
39... Qxc3+ } 40. Ke2 } 40... Qxf3+ } 41. Ke1 } 41... Qf2+ } 42. Kd1 } 42...
Rh4 } 43. Kc1 } 43... Rh1# } 0-1

[Event "2020 Norman Friedman CLASSIC"]
[Site "Chess.com"]
[Date "2020.10.10"]
[Round "2"]
[White "little_pikachu_soya"]
[Black "iballisticsquid123"]
[Result "1/2-1/2"]
[WhiteElo "1638"]
[BlackElo "2113"]

1. d4 } 1... Nf6 } 2. c4 } 2... e6 } 3. Nc3 } 3... d5 } 4. Bg5 } 4... Be7 } 5.
e3 } 5... O-O } 6. Bd3 } 6... c5 } 7. Nf3 } 7... Nc6 } 8. cxd5 } 8... exd5 }
9. dxc5 } 9... Bxc5 } 10. Bxf6 } 10... Qxf6 } 11. Nxd5 } 11... Qxb2 } 12. O-O
} 12... Bg4 } 13. Bxh7+ } 13... Kh8 } 14. Be4 } 14... f5 } 15. Qc2 } 15...
Qxc2 } 16. Bxc2 } 16... Rad8 } 17. Nf4 } 17... Rf6 } 18. Rfd1 } 18... Rxd1+ }
19. Rxd1 } 19... Bxf3 } 20. gxf3 } 20... Ne5 } 21. Kg2 } 21... g5 } 22. Nd3 }
22... Nxd3 } 23. Rxd3 } {#d} 1/2-1/2

[Event "2020 Norman Friedman CLASSIC"]
[Site "Chess.com"]
[Date "2020.10.10"]
[Round "2"]
[White "siegfried23"]
[Black "WaSabi5829"]
[Result "0-1"]
[WhiteElo "1519"]
[BlackElo "1740"]

1. d4 } 1... f5 } 2. c4 } 2... Nf6 } 3. Nc3 } 3... e6 } 4. Nf3 } 4... Be7 } 5.
e3 } 5... O-O } 6. Bd3 } 6... b6 } 7. O-O } 7... Bb7 } 8. Be2 } 8... c5 } 9.
d5 } 9... exd5 } 10. cxd5 } 10... Bd6 } 11. Qb3 } 11... Na6 } 12. a3 } 12...
Nc7 } 13. Rd1 } 13... Qe7 } 14. Nb5 } 14... Nxb5 } 15. Bxb5 } 15... a6 } 16.
Bf1 } 16... b5 } 17. Qa2 } 17... c4 } 18. Nd4 } 18... Nxd5 } 19. Nxf5 } 19...
Rxf5 } 20. g3 } 20... Raf8 } 21. Rd2 } 21... Nxe3 } {#R} 0-1

[Event "2020 Norman Friedman CLASSIC"]
[Site "Chess.com"]
[Date "2020.10.10"]
[Round "2"]
[White "jovial_adversary"]
[Black "NLchaos"]
[Result "1/2-1/2"]
[WhiteElo "1871"]
[BlackElo "1628"]

1. Nf3 } 1... e6 } 2. c4 } 2... f5 } 3. g3 } 3... Nf6 } 4. Bg2 } 4... Be7 } 5.
Nc3 } 5... O-O } 6. O-O } 6... d6 } 7. d3 } 7... e5 } 8. Bg5 } 8... h6 } 9.
Bxf6 } 9... Bxf6 } 10. Qc2 } 10... Na6 } 11. a3 } 11... c6 } 12. e4 } 12...
Nc7 } 13. exf5 } 13... Bxf5 } 14. Nd2 } 14... Rc8 } 15. Rae1 } 15... d5 } 16.
b3 } 16... Qd7 } 17. c5 } 17... Ne6 } 18. b4 } 18... Nd4 } 19. Qb1 } 19...
Rce8 } 20. Nd1 } 20... Bg4 } 21. f3 } 21... Bf5 } 22. Nb3 } 22... Nxb3 } 23.
Qxb3 } 23... Kh8 } 24. Kh1 } 24... h5 } 25. Nc3 } 25... Bh3 } {#d} 1/2-1/2

[Event "2020 Norman Friedman CLASSIC"]
[Site "Chess.com"]
[Date "2020.10.10"]
[Round "2"]
[White "BatmanNelson"]
[Black "karens7"]
[Result "1-0"]
[WhiteElo "1363"]
[BlackElo "941"]

1. e4 } 1... e6 } 2. d4 } 2... d5 } 3. e5 } 3... Nc6 } 4. Nc3 } 4... Bb4 } 5.
Bd2 } 5... Bxc3 } 6. Bxc3 } 6... Nge7 } 7. Nf3 } 7... O-O } 8. g3 } 8... b6 }
9. Bg2 } 9... a5 } 10. O-O } 10... Ba6 } 11. Re1 } 11... f6 } 12. a3 } 12...
fxe5 } 13. dxe5 } 13... h6 } 14. b4 } 14... a4 } 15. Bd2 } 15... Nf5 } 16. Rb1
} 16... b5 } 17. c3 } 17... d4 } 18. cxd4 } 18... Rb8 } 19. Be3 } 19... Nxe3 }
20. Rxe3 } 20... Bb7 } 21. Rd3 } 21... Qe7 } 22. d5 } 22... exd5 } 23. Rxd5 }
23... Rfd8 } 24. Qd2 } 24... Ba6 } 25. Re1 } 25... Rxd5 } 26. Qxd5+ } 26...
Qf7 } 27. Qxc6 } 27... Bb7 } 28. Qc3 } 28... Re8 } 29. Qe3 } 29... Qe6 } 30.
Nd4 } 30... Qc8 } 31. Bxb7 } 31... Qxb7 } 32. e6 } 32... Qd5 } 33. Qe5 } 33...
Qxe5 } 34. Rxe5 } 34... Kf8 } 35. Nc6 } 35... g5 } 36. Rf5+ } 36... Kg7 } 37.
e7 } 37... g4 } 38. Kf1 } 38... Rc8 } 39. Nd8 } 39... c6 } 40. e8=Q } 40...
Rc7 } 41. Ne6+ } {#r} 1-0

[Event "2020 Norman Friedman CLASSIC"]
[Site "Chess.com"]
[Date "2020.10.10"]
[Round "2"]
[White "chesspilot01"]
[Black "HandsomeTroll"]
[Result "1-0"]
[WhiteElo "2291"]
[BlackElo "1678"]

1. e4 } 1... c6 } 2. d4 } 2... d5 } 3. exd5 } 3... cxd5 } 4. Bd3 } 4... Nc6 }
5. c3 } 5... Nf6 } 6. Bf4 } 6... Bg4 } 7. Qb3 } 7... Qd7 } 8. Nd2 } 8... e6 }
9. Ngf3 } 9... Bh5 } 10. Ne5 } 10... Qc8 } 11. Bb5 } 11... a6 } 12. Bd3 }
12... Be7 } 13. O-O } 13... O-O } 14. h3 } 14... b5 } 15. Ndf3 } 15... Bxf3 }
16. Nxf3 } 16... Nh5 } 17. Bh2 } 17... Na5 } 18. Qc2 } 18... Nf6 } 19. Be5 }
19... h6 } 20. Qe2 } 20... Nc4 } 21. Bh2 } 21... Qd8 } 22. Ne5 } 22... Nd7 }
23. f4 } 23... Rc8 } 24. Bb1 } 24... Re8 } 25. Qh5 } 25... Ndxe5 } 26. fxe5 }
26... Rf8 } 27. Qe2 } 27... Bg5 } 28. Qd3 } 28... g6 } 29. Qe2 } 29... Nd2 }
30. Bd3 } 30... Nxf1 } 31. Rxf1 } 31... f5 } 32. exf6 } 32... Rxf6 } 33. Be5 }
33... Rxf1+ } 34. Qxf1 } 34... Qe8 } 35. Qe2 } 35... Qf7 } 36. Qg4 } 36... Kh7
} 37. h4 } 37... Be3+ } 38. Kh1 } 38... h5 } 39. Qxh5+ } 39... Kg8 } 40. Qh8#
} 1-0

[Event "2020 Norman Friedman CLASSIC"]
[Site "Chess.com"]
[Date "2020.10.10"]
[Round "2"]
[White "bentheshed"]
[Black "Jeffrey944"]
[Result "0-1"]
[WhiteElo "1341"]
[BlackElo "1469"]

1. c4 } 1... Nf6 } 2. Nc3 } 2... g6 } 3. Nf3 } 3... c5 } 4. d4 } 4... cxd4 }
5. Nxd4 } 5... Bg7 } 6. g3 } 6... O-O } 7. Bg2 } 7... Nc6 } 8. Be3 } 8... Ng4
} 9. Nxc6 } 9... dxc6 } 10. O-O } 10... Nxe3 } 11. fxe3 } 11... Qb6 } 12. Qd3
} 12... Rd8 } 13. Qe4 } 13... Qxb2 } 14. Qxe7 } 14... Be6 } 15. Ne4 } 15...
Rd7 } 16. Qh4 } 16... h6 } 17. Bh3 } 17... Bxh3 } 18. Qxh3 } 18... Rad8 } 19.
Nc5 } 19... Re7 } 20. Rab1 } 20... Qxe2 } 21. Rf2 } 21... Qxe3 } 22. Nxb7 }
22... Rb8 } {#R} 0-1

[Event "2020 Norman Friedman CLASSIC"]
[Site "Chess.com"]
[Date "2020.10.10"]
[Round "2"]
[White "amachin1337"]
[Black "Limelight2727"]
[Result "1/2-1/2"]
[WhiteElo "1692"]
[BlackElo "726"]

1. c4 } 1... c5 } 2. Nc3 } 2... Nc6 } 3. g3 } 3... g6 } 4. Bg2 } 4... Bg7 } 5.
e4 } 5... d6 } 6. Nge2 } 6... Nf6 } 7. O-O } 7... O-O } 8. d3 } 8... Rb8 } 9.
h3 } 9... a6 } 10. a4 } 10... Nd7 } 11. Rb1 } 11... Nd4 } 12. b4 } 12... b5 }
13. axb5 } 13... Nxe2+ } 14. Nxe2 } 14... axb5 } 15. bxc5 } 15... bxc4 } 16.
Rxb8 } 16... Nxb8 } 17. cxd6 } 17... cxd3 } 18. dxe7 } 18... Qxe7 } 19. Qxd3 }
19... Ba6 } 20. Qb3 } 20... Bxe2 } 21. Ba3 } 21... Qa7 } 22. Bxf8 } 22... Bxf1
} 23. Bc5 } 23... Qa8 } 24. Bxf1 } 24... Nd7 } 25. Be3 } 25... Qxe4 } 26. Bg2
} 26... Qe7 } 27. Qb7 } 27... Bf8 } 28. Qc8 } 28... Kg7 } 29. Bd4+ } 29... f6
} 30. Bc6 } 30... Ne5 } 31. Bxe5 } 31... Qxe5 } 32. Qd7+ } 32... Kh6 } 33.
Qd2+ } 33... g5 } 34. h4 } 34... Kg7 } 35. hxg5 } 35... fxg5 } 36. Qd7+ }
36... Be7 } 37. Bd5 } 37... Kf6 } 38. Qc6+ } 38... Bd6 } 39. Qb7 } 39... Qe7 }
40. Qb3 } 40... g4 } 41. Qd3 } 41... Bc5 } 42. Qe4 } 42... Qd6 } 43. Kg2 }
43... h5 } 44. Bc4 } 44... Kg5 } 45. Bd3 } 45... Qf6 } 46. Qd5+ } 46... Kh6 }
47. Qxc5 } 47... Qf3+ } 48. Kg1 } 48... Qxd3 } 49. Qc6+ } 49... Kg7 } 50. Qc7+
} 50... Kg6 } 51. Qf4 } 51... Qd1+ } 52. Kg2 } 52... Qd5+ } 53. Kg1 } 53...
Qe6 } 54. Kg2 } 54... Qd5+ } 55. Kg1 } 55... Qd1+ } 56. Kg2 } 56... Qd5+ }
{#d} 1/2-1/2

[Event "2020 Norman Friedman CLASSIC"]
[Site "Chess.com"]
[Date "2020.10.10"]
[Round "3"]
[White "bigdonkeyhead"]
[Black "iwillbeatyou2day"]
[Result "1-0"]
[WhiteElo "1434"]
[BlackElo "1060"]

1. e4 } 1... c5 } 2. Nf3 } 2... Nc6 } 3. d4 } 3... cxd4 } 4. Bc4 } 4... e5 }
5. c3 } 5... dxc3 } 6. Nxc3 } 6... d6 } 7. Ng5 } 7... Nh6 } 8. Qf3 } 8... f6 }
9. Ne6 } 9... Bxe6 } 10. Bxe6 } 10... Qe7 } 11. Bd5 } 11... g6 } 12. Qh3 }
12... f5 } 13. Bxh6 } 13... Bxh6 } 14. Qxh6 } 14... fxe4 } 15. Bxe4 } 15...
Qf7 } 16. O-O } 16... O-O-O } 17. Rac1 } 17... Qc4 } 18. Bxc6 } 18... Qxc6 }
19. Nd5 } 19... Qxc1 } 20. Qxc1+ } 20... Kb8 } 21. Qc7+ } 21... Ka8 } 22. Qa5
} 22... b6 } 23. Qa6 } 23... Rc8 } 24. Qe2 } 24... Rc5 } 25. Qf3 } 25... Rhc8
} 26. Ne7+ } 26... Kb8 } 27. Nxc8 } 27... Kxc8 } 28. Qf8+ } 28... Kc7 } 29.
Qe7+ } 29... Kc6 } 30. Rd1 } 30... Kb5 } 31. Qd7+ } 31... Kc4 } 32. Rc1+ }
32... Kd5 } 33. Rxc5+ } 33... Kxc5 } 34. Qxh7 } 34... Kb5 } 35. Qxg6 } {#r}
1-0

[Event "2020 Norman Friedman CLASSIC"]
[Site "Chess.com"]
[Date "2020.10.10"]
[Round "3"]
[White "little_pikachu_soya"]
[Black "jovial_adversary"]
[Result "0-1"]
[WhiteElo "1635"]
[BlackElo "1880"]

1. d4 } 1... Nf6 } 2. c4 } 2... g6 } 3. Nc3 } 3... Bg7 } 4. e4 } 4... d6 } 5.
Bd3 } 5... Nc6 } 6. Nf3 } 6... e5 } 7. d5 } 7... Ne7 } 8. Bg5 } 8... h6 } 9.
Bh4 } 9... g5 } 10. Bg3 } 10... Bg4 } 11. h3 } 11... Bh5 } 12. b4 } 12... Qd7
} 13. c5 } 13... a6 } 14. a4 } 14... Ng6 } 15. b5 } 15... dxc5 } 16. Nxe5 }
16... Nxe5 } 17. f3 } 17... Nxd3+ } 18. Qxd3 } 18... Bg6 } 19. Qd2 } 19...
axb5 } 20. Nxb5 } 20... Qxb5 } 21. axb5 } 21... Rxa1+ } 22. Kf2 } 22... Rxh1 }
23. Bxc7 } 23... O-O } 24. d6 } 24... Bxe4 } 25. d7 } 25... Nxd7 } 26. Qxd7 }
26... Bd4+ } 27. Kg3 } 27... Bg6 } 28. Bd6 } 28... Rd1 } 29. Qc7 } 29... Re8 }
30. Bxc5 } 30... Be5+ } 31. Qxe5 } 31... Rxe5 } 32. Bb6 } 32... Rxb5 } 33. Be3
} 33... f5 } 34. Bf2 } 34... Rd2 } 35. Be1 } 35... Re2 } 36. Bc3 } 36... Bh5 }
37. Bf6 } 37... f4+ } 38. Kh2 } 38... Bxf3 } 39. Kg1 } 39... Rxg2+ } 40. Kf1 }
40... Rb1# } 0-1

[Event "2020 Norman Friedman CLASSIC"]
[Site "Chess.com"]
[Date "2020.10.10"]
[Round "3"]
[White "iballisticsquid123"]
[Black "NLchaos"]
[Result "1-0"]
[WhiteElo "2114"]
[BlackElo "1626"]

1. e4 } 1... e6 } 2. d4 } 2... d5 } 3. Bd3 } 3... Nf6 } 4. e5 } 4... Nfd7 } 5.
Nf3 } 5... c5 } 6. c3 } 6... Nc6 } 7. O-O } 7... Be7 } 8. Re1 } 8... cxd4 } 9.
cxd4 } 9... a5 } 10. a3 } 10... g5 } 11. h3 } 11... h5 } 12. Be3 } 12... Nf8 }
13. Nbd2 } 13... Bd7 } 14. Rc1 } 14... Ng6 } 15. Bxg6 } 15... fxg6 } 16. Qc2 }
16... Rg8 } 17. Nf1 } 17... Rc8 } 18. Qd2 } 18... b5 } 19. Red1 } 19... b4 }
20. Bxg5 } 20... bxa3 } 21. bxa3 } 21... Nxd4 } 22. Qxd4 } 22... Bxg5 } 23.
Rxc8 } 23... Bxc8 } 24. Nxg5 } 24... Qxg5 } 25. f4 } 25... Qd8 } 26. Rc1 }
26... g5 } 27. Ng3 } 27... gxf4 } 28. Nxh5 } 28... f3 } 29. Nf6+ } 29... Kf8 }
30. Qc5+ } 30... Kf7 } {#r} 1-0

[Event "2020 Norman Friedman CLASSIC"]
[Site "Chess.com"]
[Date "2020.10.10"]
[Round "3"]
[White "HandsomeTroll"]
[Black "amachin1337"]
[Result "0-1"]
[WhiteElo "1656"]
[BlackElo "1729"]

1. d4 } 1... Nf6 } 2. Bf4 } 2... d5 } 3. e3 } 3... c5 } 4. c3 } 4... Nc6 } 5.
Nd2 } 5... Qb6 } 6. Qb3 } 6... c4 } 7. Qc2 } 7... Bg4 } 8. Be2 } 8... e6 } 9.
e4 } 9... Bxe2 } 10. Nxe2 } 10... Be7 } 11. b3 } 11... dxe4 } 12. Nxc4 } 12...
Qd8 } 13. Ng3 } 13... Nd5 } 14. Bd2 } 14... f5 } 15. Ne2 } 15... O-O } 16. Nf4
} 16... Qd7 } 17. Qd1 } 17... b5 } 18. Nb2 } 18... Bd6 } 19. Nxd5 } 19... exd5
} 20. O-O } 20... f4 } 21. Qh5 } 21... Rf5 } 22. Qh3 } 22... Raf8 } 23. a4 }
23... a6 } 24. axb5 } 24... axb5 } 25. Kh1 } 25... Qf7 } 26. Ra6 } 26... Qb7 }
27. Raa1 } 27... R8f6 } 28. Kg1 } 28... Rg5 } 29. Qh4 } 29... Rfg6 } 30. g3 }
30... e3 } 31. fxe3 } 31... fxg3 } {#R} 0-1

[Event "2020 Norman Friedman CLASSIC"]
[Site "Chess.com"]
[Date "2020.10.10"]
[Round "3"]
[White "Jeffrey944"]
[Black "BatmanNelson"]
[Result "1-0"]
[WhiteElo "1484"]
[BlackElo "1350"]

1. e4 } 1... e6 } 2. d4 } 2... d5 } 3. Nd2 } 3... c5 } 4. exd5 } 4... exd5 }
5. Ngf3 } 5... Nc6 } 6. c3 } 6... Nf6 } 7. Bd3 } 7... g6 } 8. O-O } 8... Bg7 }
9. dxc5 } 9... O-O } 10. Nb3 } 10... Qe7 } 11. Re1 } 11... Qc7 } 12. h3 }
12... Bd7 } 13. Be3 } 13... Rfe8 } 14. Qd2 } 14... Ne5 } 15. Nxe5 } 15... Qxe5
} 16. Bf4 } 16... Qh5 } 17. Be2 } 17... Qh4 } 18. Bg5 } 18... Qe4 } 19. Bf3 }
19... Qf5 } 20. Bxf6 } 20... Qxf6 } 21. Bxd5 } 21... Rab8 } 22. Rxe8+ } 22...
Bxe8 } 23. Re1 } 23... Bd7 } 24. Qe3 } 24... a6 } 25. Qg3 } 25... Qd8 } 26.
Qf3 } 26... Qg5 } 27. Qxf7+ } 27... Kh8 } 28. Qxd7 } 28... Rd8 } 29. Re8+ }
29... Bf8 } 30. Qxd8 } 30... Qxd8 } 31. Rxd8 } 31... Kg7 } 32. Bxb7 } 32...
Be7 } 33. Rd7 } 33... Kf6 } 34. c6 } 34... Ke6 } 35. Rxe7+ } 35... Kxe7 } 36.
c7 } 36... Kd6 } 37. c8=Q } 37... a5 } 38. Qc5+ } 38... Ke6 } 39. Nd4+ } 39...
Kf6 } 40. g4 } 40... h5 } 41. g5+ } 41... Kg7 } 42. Qe7+ } 42... Kh8 } 43. Ne6
} 43... Kg8 } 44. Qg7# } 1-0

[Event "2020 Norman Friedman CLASSIC"]
[Site "Chess.com"]
[Date "2020.10.10"]
[Round "3"]
[White "B1ad3z"]
[Black "TofuNightmare"]
[Result "1-0"]
[WhiteElo "1432"]
[BlackElo "897"]

1. d4 } 1... e6 } 2. c4 } 2... Nf6 } 3. Nf3 } 3... b6 } 4. e3 } 4... Bb7 } 5.
Be2 } 5... c5 } 6. dxc5 } 6... bxc5 } 7. b3 } 7... Be7 } 8. Nc3 } 8... O-O }
9. O-O } 9... d6 } 10. Bb2 } 10... Nbd7 } 11. Qc2 } 11... d5 } 12. cxd5 }
12... exd5 } 13. Bd3 } 13... Qc7 } 14. Ne2 } 14... Bd6 } 15. Rac1 } 15... Rfe8
} 16. Ng3 } 16... Bxg3 } 17. hxg3 } 17... h6 } 18. Kh2 } 18... Qc6 } 19. Rh1 }
19... Qe6 } 20. Kg1 } 20... Ba6 } 21. Bxa6 } 21... Qxa6 } 22. Rh4 } 22... Qe6
} 23. Nh2 } 23... Ne5 } 24. Nf3 } 24... Nxf3+ } 25. gxf3 } 25... Rad8 } 26.
Kg2 } 26... g5 } 27. Rxh6 } 27... Kg7 } 28. Rxf6 } {#r} 1-0

[Event "2020 Norman Friedman CLASSIC"]
[Site "Chess.com"]
[Date "2020.10.10"]
[Round "3"]
[White "WaSabi5829"]
[Black "chesspilot01"]
[Result "1/2-1/2"]
[WhiteElo "1760"]
[BlackElo "2284"]

1. c4 } 1... e6 } 2. Nc3 } 2... d5 } 3. cxd5 } 3... exd5 } 4. d4 } 4... c6 }
5. Bf4 } 5... Bd6 } 6. Bg3 } 6... Nf6 } 7. e3 } 7... O-O } 8. Bd3 } 8... Re8 }
9. Qc2 } 9... a5 } 10. a4 } 10... Na6 } 11. Bxa6 } 11... Rxa6 } 12. Nf3 }
12... Ne4 } 13. Nxe4 } 13... dxe4 } 14. Nd2 } 14... f5 } 15. O-O } 15... Be6 }
16. Nc4 } 16... Bxg3 } 17. fxg3 } 17... Qg5 } 18. Rf4 } 18... Qe7 } 19. b3 }
19... c5 } 20. Rd1 } 20... cxd4 } 21. exd4 } 21... Rd8 } 22. Ne3 } 22... Rad6
} 23. d5 } 23... Bc8 } 24. Nxf5 } 24... Bxf5 } 25. Rxf5 } 25... e3 } 26. Qe2 }
26... Qe4 } 27. Rf3 } 27... Rxd5 } 28. Rxd5 } 28... Rxd5 } 29. Rxe3 } 29...
Rd1+ } 30. Kf2 } 30... Qf5+ } 31. Rf3 } 31... Qc5+ } 32. Re3 } 32... Rc1 } 33.
Qd3 } 33... Qf8+ } 34. Rf3 } 34... Qc5+ } 35. Re3 } 35... Qf8+ } 36. Rf3 }
36... Qc5+ } 37. Re3 } {#d} 1/2-1/2

[Event "2020 Norman Friedman CLASSIC"]
[Site "Chess.com"]
[Date "2020.10.10"]
[Round "3"]
[White "caracleliem"]
[Black "bentheshed"]
[Result "0-1"]
[WhiteElo "1267"]
[BlackElo "1350"]

1. e4 } 1... e6 } 2. d4 } 2... d5 } 3. Bd3 } 3... Nf6 } 4. e5 } 4... Nfd7 } 5.
Nc3 } 5... a6 } 6. Nf3 } 6... c5 } 7. Bf4 } 7... Nc6 } 8. dxc5 } 8... Bxc5 }
9. O-O } 9... b5 } 10. Bg5 } 10... Qb6 } 11. Bf4 } 11... Bb7 } 12. a3 } 12...
Nd4 } 13. Ng5 } 13... g6 } 14. b4 } 14... Be7 } 15. Qd2 } 15... Qc6 } 16. Bxg6
} 16... hxg6 } 17. Qxd4 } 17... f6 } 18. Nf3 } 18... f5 } 19. Rac1 } 19...
O-O-O } 20. h3 } 20... Rh7 } 21. Nb1 } 21... Rg8 } 22. Qc3 } 22... Nc5 } 23.
bxc5 } 23... d4 } 24. Qxd4 } 24... g5 } 25. Ne1 } 25... gxf4 } 26. Qd3 } 26...
Rxg2+ } 27. Kh1 } {#R} 0-1

[Event "2020 Norman Friedman CLASSIC"]
[Site "Chess.com"]
[Date "2020.10.10"]
[Round "3"]
[White "Limelight2727"]
[Black "siegfried23"]
[Result "1-0"]
[WhiteElo "1391"]
[BlackElo "1504"]

1. d4 } 1... d5 } 2. c4 } 2... c6 } 3. cxd5 } 3... cxd5 } 4. Nc3 } 4... Nf6 }
5. Bf4 } 5... e6 } 6. Nf3 } 6... Bd6 } 7. Bxd6 } 7... Qxd6 } 8. e3 } 8... Bd7
} 9. Bd3 } 9... O-O } 10. Kf1 } 10... a6 } 11. Ne5 } 11... Nc6 } 12. f4 }
12... Nb4 } 13. Bb1 } 13... Bb5+ } 14. Kf2 } 14... g6 } 15. a3 } 15... Nc6 }
16. a4 } 16... Qb4 } 17. Qd2 } 17... Bc4 } 18. Nd3 } 18... Bxd3 } 19. Bxd3 }
19... Na5 } 20. Nb1 } 20... Qxd2+ } 21. Nxd2 } 21... Rac8 } 22. Rac1 } 22...
Nc6 } 23. Kf3 } 23... Nb4 } 24. Bb1 } 24... Nd7 } 25. a5 } 25... b6 } 26. Nb3
} 26... f6 } 27. axb6 } 27... Nxb6 } 28. Nc5 } 28... Kf7 } 29. Nd3 } 29...
Nxd3 } 30. Bxd3 } 30... Nc4 } 31. Bxc4 } 31... dxc4 } 32. Rc3 } 32... Rb8 }
33. Rxc4 } 33... Rxb2 } 34. Rc7+ } 34... Kg8 } 35. Rc6 } 35... e5 } 36. dxe5 }
36... fxe5 } 37. Rxa6 } 37... exf4 } 38. exf4 } 38... g5 } 39. g3 } 39... Rb4
} 40. Rg1 } 40... gxf4 } 41. gxf4+ } 41... Kh8 } 42. Rg4 } 42... Rc8 } 43. Kg3
} 43... Rc3+ } 44. Kh4 } 44... Rc8 } 45. f5 } 45... Rxg4+ } 46. Kxg4 } 46...
Rf8 } 47. f6 } 47... Kg8 } 48. Kg5 } 48... Kf7 } 49. Ra7+ } 49... Kg8 } 50.
Re7 } 50... Rf7 } 51. Re8+ } 51... Rf8 } 52. Re5 } 52... Kf7 } 53. h4 } 53...
Rg8+ } 54. Kf5 } 54... Rg6 } 55. Re7+ } 55... Kg8 } 56. Ke6 } 56... Rg4 } 57.
Re8# } 1-0

[Event "2020 Norman Friedman CLASSIC"]
[Site "Chess.com"]
[Date "2020.10.10"]
[Round "4"]
[White "WaSabi5829"]
[Black "iballisticsquid123"]
[Result "0-1"]
[WhiteElo "1755"]
[BlackElo "2116"]

1. c4 } 1... e5 } 2. Nc3 } 2... Nc6 } 3. e4 } 3... Nf6 } 4. d3 } 4... Bb4 } 5.
Ne2 } 5... a5 } 6. a3 } 6... Bc5 } 7. h3 } 7... O-O } 8. g3 } 8... d6 } 9. Bg2
} 9... Be6 } 10. Nd5 } 10... Nd4 } 11. Bg5 } 11... Bxd5 } 12. exd5 } 12... h6
} 13. Be3 } 13... Re8 } 14. O-O } 14... Nf5 } 15. Bxc5 } 15... dxc5 } 16. Be4
} 16... Nxe4 } 17. dxe4 } 17... Nd4 } 18. Nxd4 } 18... exd4 } 19. Qd3 } 19...
Qd7 } 20. Kg2 } 20... c6 } 21. Rac1 } 21... f5 } 22. exf5 } 22... cxd5 } 23.
cxd5 } 23... Qxd5+ } 24. Kh2 } 24... Rac8 } 25. Rfd1 } 25... Qe4 } 26. Qxe4 }
26... Rxe4 } 27. Re1 } 27... Rxe1 } 28. Rxe1 } 28... Kf7 } 29. Kg2 } 29... c4
} 30. Rd1 } 30... c3 } 31. bxc3 } 31... dxc3 } 32. Rc1 } 32... b5 } 33. Kf3 }
33... b4 } 34. Ke3 } 34... b3 } 35. Kd3 } 35... b2 } 36. Re1 } 36... c2 } {#R}
0-1